[Event "Vienna op 14th"]
[Site "Vienna"]
[Date "2003.08.17"]
[Round "2"]
[White "Kuciel, Wladyslaw"]
[Black "Miniboeck, Guenter"]
[Result "0-1"]
[WhiteElo "2170"]
[BlackElo "2334"]
[PlyCount "72"]
[EventDate "2003.08.16"]
[EventType "swiss"]
[EventRounds "9"]
[EventCountry "AUT"]
[SourceTitle "CBM 095 Extra"]
[Source "ChessBase"]
[SourceDate "2003.09.04"]
[SourceVersion "1"]
[SourceVersionDate "2003.09.04"]
[SourceQuality "1"]

1. c4 f5 2. Nf3 Nf6 3. d4 g6 4. g3 Bg7 5. Nc3 0-0 6. Bg2 d6 7. 0-0 Qe8 8. d5 a5 9. Nd4 Na6 10. b3 Bd7 11. a3 Nc5 12. Bb2 g5 13. f3 f4 14. g4 Qf7 15. b4 Na6 16. Nc2 e6 17. Rb1 axb4 18. axb4 exd5 19. Nxd5 Nxd5 20. Bxg7 Kxg7 21. cxd5 Rfe8 22. Re1 Re5 23. e4 fxe3 24. Nxe3 Rae8 25. Qd2 Qf4 26. Qc3 Kg8 27. Kf2 Re4 28. h3 Nxb4 29. Rxb4 Rxb4 30. Nf5 Re5 31. Rxe5 dxe5 32. Qxc7 Rb2+ 33. Kg1 Rb1+ 34. Bf1 Bxf5 35. Qd8+ Kf7 36. Qc7+ Ke8 0-1

[Event "AUT-chT2O 0203"]
[Site "Austria"]
[Date "2002.10.27"]
[Round "3.2"]
[White "Miniboeck, Guenter"]
[Black "Plachetka, Jan"]
[Result "1/2-1/2"]
[WhiteElo "2335"]
[BlackElo "2451"]
[PlyCount "22"]
[EventDate "2002.10.25"]
[EventType "team-tourn"]
[EventRounds "11"]
[EventCountry "AUT"]
[SourceTitle "EXT 2020"]
[Source "ChessBase"]
[SourceDate "2019.10.17"]
[SourceVersion "1"]
[SourceVersionDate "2019.10.17"]
[SourceQuality "1"]
[WhiteTeam "Baden EBV"]
[BlackTeam "Wien Austria"]
[WhiteTeamCountry "AUT"]
[BlackTeamCountry "AUT"]

1. d4 Nf6 2. c4 e6 3. Nc3 Bb4 4. Qc2 c5 5. dxc5 Bxc5 6. Nf3 0-0 7. Bg5 Be7 8. e4 d6 9. Be2 Nbd7 10. Rd1 Qa5 11. 0-0 a6 1/2-1/2

[Event "Poyntner Memorial IM"]
[Site "St Poelten"]
[Date "2002.09.15"]
[Round "9"]
[White "Miniboeck, Guenter"]
[Black "Groetz, Harald"]
[Result "1/2-1/2"]
[WhiteElo "2348"]
[BlackElo "2326"]
[PlyCount "36"]
[EventDate "2002.09.07"]
[EventType "tourn"]
[EventRounds "9"]
[EventCountry "AUT"]
[EventCategory "4"]
[SourceTitle "CBM 090 Extra"]
[Source "ChessBase"]
[SourceDate "2002.11.07"]
[SourceVersion "1"]
[SourceVersionDate "2002.11.07"]
[SourceQuality "1"]

1. d4 Nf6 2. c4 g6 3. Nc3 Bg7 4. e4 d6 5. f3 0-0 6. Be3 Nc6 7. Qd2 a6 8. Nge2 Rb8 9. h4 h5 10. Nc1 e5 11. d5 Nd4 12. N1e2 c5 13. dxc6 bxc6 14. Nxd4 exd4 15. Bxd4 Re8 16. Be2 d5 17. cxd5 Rb4 18. Bc5 Nxe4 1/2-1/2

[Event "Poyntner Memorial IM"]
[Site "St Poelten"]
[Date "2002.09.10"]
[Round "4"]
[White "Buss, Ralph"]
[Black "Miniboeck, Guenter"]
[Result "1/2-1/2"]
[WhiteElo "2270"]
[BlackElo "2348"]
[PlyCount "91"]
[EventDate "2002.09.07"]
[EventType "tourn"]
[EventRounds "9"]
[EventCountry "AUT"]
[EventCategory "4"]
[SourceTitle "CBM 090 Extra"]
[Source "ChessBase"]
[SourceDate "2002.11.07"]
[SourceVersion "1"]
[SourceVersionDate "2002.11.07"]
[SourceQuality "1"]

1. Nf3 c5 2. c4 Nc6 3. Nc3 Nf6 4. g3 d5 5. d4 e6 6. cxd5 Nxd5 7. Bg2 cxd4 8. Nxd4 Nxc3 9. bxc3 Nxd4 10. Qxd4 Qxd4 11. cxd4 Bb4+ 12. Bd2 Bxd2+ 13. Kxd2 Ke7 14. Rhc1 Rd8 15. Rc7+ Rd7 16. Rac1 Kd8 17. Rxd7+ Kxd7 18. g4 h6 19. h4 Rb8 20. g5 hxg5 21. hxg5 b6 22. Rh1 Ba6 23. Rh7 Rg8 24. e4 Bc4 25. a3 b5 26. Kc3 a5 27. d5 Kd6 28. Kd4 e5+ 29. Kc3 Kc5 30. Kb2 b4 31. a4 Kd6 32. Bh3 Be2 33. g6 fxg6 34. Be6 Rf8 35. Rxg7 Rxf2 36. Rd7+ Kc5 37. Rc7+ Kd4 38. Rc2 b3 39. Rd2+ Ke3 40. Kc3 Rf1 41. d6 Rc1+ 42. Kb2 Kxd2 43. d7 Rc2+ 44. Kxb3 Rc3+ 45. Kb2 Rc2+ 46. Kb3 1/2-1/2

[Event "Poyntner Memorial IM"]
[Site "St Poelten"]
[Date "2002.09.09"]
[Round "3"]
[White "Videki, Sandor"]
[Black "Miniboeck, Guenter"]
[Result "1-0"]
[WhiteElo "2441"]
[BlackElo "2348"]
[PlyCount "87"]
[EventDate "2002.09.07"]
[EventType "tourn"]
[EventRounds "9"]
[EventCountry "AUT"]
[EventCategory "4"]
[SourceTitle "CBM 090 Extra"]
[Source "ChessBase"]
[SourceDate "2002.11.07"]
[SourceVersion "1"]
[SourceVersionDate "2002.11.07"]
[SourceQuality "1"]

1. e4 c5 2. Nc3 Nc6 3. Bb5 Nd4 4. Bc4 e6 5. Nf3 Ne7 6. Nxd4 cxd4 7. Ne2 Nc6 8. 0-0 g6 9. f4 d5 10. exd5 exd5 11. Bd3 f5 12. a3 a5 13. Qe1 Kf7 14. Qf2 Qf6 15. b3 Bc5 16. Bb2 Re8 17. Rfe1 b6 18. Bb5 Ba6 19. Bxc6 Qxc6 20. d3 Qf6 21. Nxd4 Rxe1+ 22. Rxe1 Re8 23. Kf1 Rxe1+ 24. Kxe1 b5 25. Kd1 Bb7 26. Qe3 a4 27. b4 Bb6 28. Bc3 h6 29. Qf2 Ba8 30. Ke2 Bb7 31. Kf1 Bxd4 32. Bxd4 Qe6 33. Qh4 h5 34. Qd8 Bc6 35. Qh8 Bd7 36. Kf2 Bc6 37. Be5 d4 38. Qg7+ Ke8 39. Bxd4 Kd8 40. Bf6+ Kc8 41. Be5 Bd7 42. Qf8+ Kb7 43. Qb8+ Ka6 44. Bd4 1-0

[Event "Poyntner Memorial IM"]
[Site "St Poelten"]
[Date "2002.09.08"]
[Round "2"]
[White "Miniboeck, Guenter"]
[Black "Visser, Yge"]
[Result "1/2-1/2"]
[WhiteElo "2348"]
[BlackElo "2441"]
[PlyCount "89"]
[EventDate "2002.09.07"]
[EventType "tourn"]
[EventRounds "9"]
[EventCountry "AUT"]
[EventCategory "4"]
[SourceTitle "CBM 090 Extra"]
[Source "ChessBase"]
[SourceDate "2002.11.07"]
[SourceVersion "1"]
[SourceVersionDate "2002.11.07"]
[SourceQuality "1"]

1. d4 Nf6 2. c4 g6 3. Nc3 Bg7 4. e4 d6 5. f3 0-0 6. Be3 c5 7. dxc5 dxc5 8. Qxd8 Rxd8 9. Bxc5 Nc6 10. Nd5 Nd7 11. Bxe7 Nxe7 12. Nxe7+ Kf8 13. Nd5 Bxb2 14. Rb1 Bg7 15. Nh3 Nc5 16. Nf2 Bd7 17. Be2 Rac8 18. 0-0 Rc6 19. Nb4 Rd6 20. Rfd1 Ba4 21. Rd5 Ne6 22. Nfd3 Bc6 23. Nxc6 bxc6 24. Rxd6 Rxd6 25. Rb8+ Ke7 26. Rb7+ Rd7 27. Rxd7+ Kxd7 28. e5 Kc7 29. Kf2 Kb6 30. Ke3 Nc5 31. f4 Nxd3 32. Kxd3 Kc5 33. Bf3 f6 34. e6 Bf8 35. g4 f5 36. gxf5 gxf5 37. Bh5 Kd6 38. Bf7 Be7 39. h3 h6 40. Kd4 Bf6+ 41. Kd3 Bh4 42. Ke3 c5 43. Kd3 Bg3 44. Ke3 Bh4 45. Kd3 1/2-1/2

[Event "Poyntner Memorial IM"]
[Site "St Poelten"]
[Date "2002.09.07"]
[Round "1"]
[White "Brandner, Stefan"]
[Black "Miniboeck, Guenter"]
[Result "1-0"]
[WhiteElo "2322"]
[BlackElo "2348"]
[PlyCount "53"]
[EventDate "2002.09.07"]
[EventType "tourn"]
[EventRounds "9"]
[EventCountry "AUT"]
[EventCategory "4"]
[SourceTitle "CBM 090 Extra"]
[Source "ChessBase"]
[SourceDate "2002.11.07"]
[SourceVersion "1"]
[SourceVersionDate "2002.11.07"]
[SourceQuality "1"]

1. d4 Nf6 2. Nc3 d5 3. Bg5 Nbd7 4. e3 g6 5. f4 Bg7 6. Nf3 0-0 7. Bd3 b6 8. 0-0 Bb7 9. f5 c5 10. fxg6 hxg6 11. Qe1 Ne4 12. Qh4 f6 13. Nxe4 dxe4 14. Bxe4 Bxe4 15. Qxe4 Qe8 16. Bf4 e6 17. Bd6 f5 18. Qh4 Rf7 19. Qg3 Rf6 20. Ng5 Bh6 21. Bf4 Kg7 22. Rae1 Rc8 23. c3 Qg8 24. e4 Re8 25. Nh3 cxd4 26. cxd4 Bxf4 27. Nxf4 1-0

[Event "Oberwart op"]
[Site "Oberwart"]
[Date "2002.07.13"]
[Round "9"]
[White "Miniboeck, Guenter"]
[Black "Kuciel, Wladyslaw"]
[Result "1-0"]
[WhiteElo "2348"]
[BlackElo "2196"]
[PlyCount "67"]
[EventDate "2002.07.05"]
[EventType "swiss"]
[EventRounds "9"]
[EventCountry "AUT"]
[SourceTitle "CBM 089 Extra"]
[Source "ChessBase"]
[SourceDate "2002.09.10"]
[SourceVersion "2"]
[SourceVersionDate "2002.09.10"]
[SourceQuality "1"]

1. d4 d5 2. c4 e6 3. Nc3 Nf6 4. cxd5 exd5 5. Bg5 Be7 6. e3 Nbd7 7. Bd3 h6 8. Bf4 c6 9. h3 0-0 10. Nf3 Re8 11. Qc2 a6 12. 0-0 c5 13. dxc5 Nxc5 14. Be2 Bd6 15. Bxd6 Qxd6 16. Rac1 Nce4 17. Rfd1 Bf5 18. Nxe4 Bxe4 19. Qb3 b5 20. a3 Nd7 21. Nd2 Bf5 22. Bf3 Be6 23. Qb4 Qxb4 24. axb4 Rac8 25. Nb3 Rxc1 26. Rxc1 Ne5 27. Be2 Nc4 28. Ra1 Bc8 29. Nc5 Nxb2 30. Nxa6 Nc4 31. Nc7 Re5 32. Ra8 d4 33. Rxc8+ Kh7 34. Bd3+ 1-0

[Event "Oberwart op"]
[Site "Oberwart"]
[Date "2002.07.12"]
[Round "8"]
[White "Struk, Jerzy"]
[Black "Miniboeck, Guenter"]
[Result "1/2-1/2"]
[WhiteElo "2243"]
[BlackElo "2348"]
[PlyCount "144"]
[EventDate "2002.07.05"]
[EventType "swiss"]
[EventRounds "9"]
[EventCountry "AUT"]
[SourceTitle "CBM 089 Extra"]
[Source "ChessBase"]
[SourceDate "2002.09.10"]
[SourceVersion "2"]
[SourceVersionDate "2002.09.10"]
[SourceQuality "1"]

1. e4 c5 2. Nf3 d6 3. d4 cxd4 4. Nxd4 Nf6 5. f3 e5 6. Nb3 Be6 7. c4 Nbd7 8. Be3 Rc8 9. Na3 a6 10. Qd2 Be7 11. Bd3 h5 12. Rc1 g6 13. 0-0 Kf8 14. Rfd1 Kg7 15. Bf1 Rc7 16. Qf2 Qb8 17. Nd2 Rhc8 18. Ndb1 b5 19. cxb5 Rxc1 20. Rxc1 Rxc1 21. Bxc1 axb5 22. Nxb5 Bxa2 23. N1c3 Be6 24. Qd2 Qb6+ 25. Kh1 Qc6 26. Na7 Qb7 27. Nab5 Qc6 28. Na7 Qb7 29. Nab5 Qb8 30. Qd1 Nb6 31. Bg5 Nbd7 32. Bc1 Qb6 33. Qd2 Kg8 34. Qe3 Qc6 35. Na7 Qb7 36. Nab5 Nb6 37. Qe1 Nfd7 38. Be3 Nc4 39. Bc1 Ncb6 40. Qd1 d5 41. exd5 Nxd5 42. Nxd5 Bxd5 43. Nc3 Bc6 44. Bc4 Nf6 45. Qc2 Kg7 46. Qd2 Ng8 47. Bd5 Bb4 48. Bxc6 Qxc6 49. Qd5 Qc7 50. Bd2 Nf6 51. Qd3 Qa7 52. Be3 Qa1+ 53. Qb1 Qa6 54. Bg5 Nh7 55. Bd2 Bc5 56. h3 Nf8 57. b4 Ba7 58. b5 Qb7 59. Qe4 Qb8 60. Qc6 Qd8 61. Nd5 Ne6 62. Bc3 Qg5 63. b6 Bb8 64. Qc8 Bd6 65. b7 Nf4 66. Nxf4 Qxf4 67. Qd8 Qc1+ 68. Kh2 Qf4+ 69. g3 Qe3 70. Qxd6 Qf2+ 71. Kh1 Qf1+ 72. Kh2 Qf2+ 1/2-1/2

[Event "Oberwart op"]
[Site "Oberwart"]
[Date "2002.07.09"]
[Round "5"]
[White "Miniboeck, Guenter"]
[Black "Wadsack, Wolfgang"]
[Result "1-0"]
[WhiteElo "2348"]
[BlackElo "2165"]
[PlyCount "99"]
[EventDate "2002.07.05"]
[EventType "swiss"]
[EventRounds "9"]
[EventCountry "AUT"]
[SourceTitle "CBM 089 Extra"]
[Source "ChessBase"]
[SourceDate "2002.09.10"]
[SourceVersion "2"]
[SourceVersionDate "2002.09.10"]
[SourceQuality "1"]

1. Nf3 d5 2. d4 Nf6 3. c4 dxc4 4. Nc3 c6 5. a4 Bf5 6. e3 e6 7. Bxc4 Bb4 8. 0-0 0-0 9. Nh4 Bg4 10. f3 Bh5 11. g4 Nd5 12. Ng2 Bg6 13. Na2 Be7 14. e4 Nb6 15. Bb3 c5 16. a5 N6d7 17. d5 exd5 18. Bxd5 Qc8 19. g5 Kh8 20. f4 f6 21. f5 Be8 22. g6 Ne5 23. Qh5 Nxg6 24. fxg6 Bxg6 25. Qh4 Qd7 26. Nc3 Nc6 27. Nf4 Bf7 28. Bxf7 Rxf7 29. Ng6+ Kg8 30. Nxe7+ Qxe7 31. Be3 Re8 32. Qf2 b6 33. axb6 axb6 34. Rfe1 Ne5 35. Qg2 Qb7 36. Rad1 f5 37. Kh1 f4 38. Bf2 c4 39. Rd6 Nd3 40. Rf1 b5 41. Bd4 Qe7 42. Ra6 Qh4 43. Nxb5 f3 44. Qg3 Qxe4 45. Nd6 Qe2 46. Raa1 Qg2+ 47. Qxg2 fxg2+ 48. Kxg2 Re2+ 49. Kg1 Rxf1+ 50. Kxf1 1-0

[Event "AUT-chT2O 0102"]
[Site "Austria"]
[Date "2002.03.10"]
[Round "11.3"]
[White "Miniboeck, Guenter"]
[Black "Neulinger, Manfred"]
[Result "1-0"]
[WhiteElo "2342"]
[BlackElo "2375"]
[PlyCount "133"]
[EventDate "2001.11.??"]
[EventType "team-tourn"]
[EventRounds "11"]
[EventCountry "AUT"]
[SourceTitle "EXT 2003"]
[Source "ChessBase"]
[SourceDate "2002.11.25"]
[SourceVersion "1"]
[SourceVersionDate "2002.11.25"]
[SourceQuality "1"]

1. d4 Nf6 2. c4 e6 3. Nf3 Bb4+ 4. Bd2 a5 5. g3 b6 6. Bg2 Bb7 7. 0-0 Bxd2 8. Qxd2 0-0 9. Nc3 d6 10. Qc2 Nc6 11. Rad1 h6 12. e4 Nd7 13. d5 Nb4 14. Qb1 exd5 15. cxd5 Ba6 16. Rfe1 Nc5 17. Re3 Bc8 18. a3 Nba6 19. b4 Nb7 20. Nd4 Re8 21. h3 Bd7 22. Kh2 Nb8 23. f4 axb4 24. axb4 c5 25. dxc6 Nxc6 26. Ndb5 Na7 27. Nxd6 Nxd6 28. Rxd6 Nc8 29. Rd2 Qc7 30. Nd5 Qa7 31. Rc3 Qa1 32. Qxa1 Rxa1 33. Nc7 Re7 34. Rcd3 Ra7 35. Nd5 Re8 36. Nf6+ gxf6 37. Rxd7 Rxd7 38. Rxd7 Kg7 39. Kg1 Re7 40. Rxe7 Nxe7 41. Kf2 Nc6 42. b5 Nd4 43. Bf1 Ne6 44. Kf3 Kf8 45. Bc4 Ng7 46. e5 f5 47. Ke3 Ke7 48. g4 fxg4 49. hxg4 h5 50. g5 h4 51. Bf1 Ne6 52. Kf3 h3 53. Bxh3 Nd4+ 54. Ke4 Nxb5 55. Kd5 Nc3+ 56. Kc4 Ne2 57. f5 b5+ 58. Kc5 Nc3 59. f6+ Ke8 60. Bg2 Ne2 61. Bc6+ Kf8 62. g6 Nf4 63. g7+ Kg8 64. Bxb5 Nh3 65. Kd6 Ng5 66. Bc4 Nh7 67. Ke7 1-0